000
00323nam a2200133Ia 4500
005
20251222155154.0
008
251222s9999||||xx |||||||||||||| ||spa||
082
_a
EBA.48
100
_a
P.W. Iyer.
245
0
_a
Proceso y Diagnóstico de EnfermerÃa
250
_a
3ra. ed.
264
_b
McGraw Hill Interam.
942
_c
LIB
999
_c
39685
_d
39685